Loading...

Thathwasasthram Paschathyachinthakariloode

Bibliographic Details
Main Author: Unnikrishnan ,P.V
Format: Printed Book
Language:Malayalam
Published: Jwala Publications, Thrissur Jwala Publications, Thrissur 1971
LEADER 00464nam a2200121Ia 4500
008 111205s9999 xx 000 0 mal d
100 |a Unnikrishnan ,P.V. 
245 |a Thathwasasthram Paschathyachinthakariloode  |c Unnikrishnan ,P.V. 
260 |b Jwala Publications, Thrissur  |a Jwala Publications, Thrissur  |c 1971 
300 |a 164 
942 |c BK 
999 |c 209746  |d 209746 
952 |0 0  |1 0  |2 ddc  |4 1  |7 0  |9 231984  |a MAL  |b MAL  |c ST1  |d 2011-12-05  |g 5.00  |l 0  |p MAL18482  |r 2015-04-13  |v 5.00  |w 2015-04-13  |y BK